Residential development land (Record no. 107360)
[ view plain ]
| 000 -LEADER | |
|---|---|
| fixed length control field | 01244cam a22002055a 4500 |
| 001 - CONTROL NUMBER | |
| control field | L139831 |
| 008 - FIXED-LENGTH DATA ELEMENTS--GENERAL INFORMATION | |
| fixed length control field | 070813s2007 xxkd f s 000 0 eng d |
| 035 ## - SYSTEM CONTROL NUMBER | |
| System control number | (Sirsi) u139831 |
| 041 0# - LANGUAGE CODE | |
| Language code of text/sound track or separate title | eng |
| 050 04 - LIBRARY OF CONGRESS CALL NUMBER | |
| Classification number | 333.7 $2 18 |
| 110 2# - MAIN ENTRY--CORPORATE NAME | |
| Corporate name or jurisdiction name as entry element | Savills Research |
| 9 (RLIN) | 5211 |
| 245 00 - TITLE STATEMENT | |
| Title | Residential development land |
| Remainder of title | August 2007 |
| Medium | [electronic resource] |
| 260 ## - PUBLICATION, DISTRIBUTION, ETC. | |
| Place of publication, distribution, etc. | London |
| Name of publisher, distributor, etc. | Savills Research |
| Date of publication, distribution, etc. | 2007 |
| 520 ## - SUMMARY, ETC. | |
| Summary, etc. | Reports that greenfield land values increased by 4.7% in the first half of 2007. Savills' forecast of 8% growth by the end of the year appears to be on target. House builder confidence fell due to uncertainty in the market and expected further interest rate rises. This may affect land values. Urban values saw only 0.1% growth in the same period. These sites are more vulnerable to developer uncertainty as they already represent higher development costs. Savills' forecast of 1% growth by the end of 2007 may not be reached. Graphs. |
| 590 ## - LOCAL NOTE (RLIN) | |
| Local note | KA |
| 651 #4 - SUBJECT ADDED ENTRY--GEOGRAPHIC NAME | |
| Geographic name | United Kingdom |
| Chronological subdivision | |
| 690 ## - LOCAL SUBJECT ADDED ENTRY--TOPICAL TERM (OCLC, RLIN) | |
| Topical term or geographic name as entry element | PROPERTY-RESIDENTIAL PROPERTY-RESIDENTIAL PROPERTY DEVELOPMENT |
| 856 40 - ELECTRONIC LOCATION AND ACCESS | |
| Uniform Resource Identifier | <a href="https://www.savills.co.uk/Content.aspx?type=Development&contenttype=Research&NodeId=270&id=8589#">https://www.savills.co.uk/Content.aspx?type=Development&contenttype=Research&NodeId=270&id=8589#</a> |
| Public note | View the item free of charge at www.savills.co.uk... |
| 942 ## - ADDED ENTRY ELEMENTS (KOHA) | |
| Suppress in OPAC | 0 |
| Withdrawn status | Lost status | Source of classification or shelving scheme | Damaged status | Not for loan | Home library | Current library | Shelving location | Date acquired | Total Checkouts | Full call number | Barcode | Date last seen | Copy number | Price effective from | Koha item type |
|---|---|---|---|---|---|---|---|---|---|---|---|---|---|---|---|
| Dewey Decimal Classification | Virtual | Virtual | Online | 13/08/2007 | ONLINE PUBLICATION | 139831-1001 | 06/08/2019 | 1 | 06/08/2019 | Book |